Victoria Gowramma: kaleduhoda kodagina rajakumari (Record no. 152805)

MARC details
000 -LEADER
fixed length control field 00659nam a2200193Ia 4500
003 - CONTROL NUMBER IDENTIFIER
control field OSt
005 - DATE AND TIME OF LATEST TRANSACTION
control field 20250807100240.0
008 - FIXED-LENGTH DATA ELEMENTS--GENERAL INFORMATION
fixed length control field 210210b2013 xxu||||| |||| 00| 0 eng d
040 ## - CATALOGING SOURCE
Transcribing agency AL
041 ## - LANGUAGE CODE
Language code of text/sound track or separate title Kannada
082 ## - DEWEY DECIMAL CLASSIFICATION NUMBER
Classification number 954.87K BELV
100 ## - MAIN ENTRY--PERSONAL NAME
Personal name BELLIYAPPA (C P)
Dates associated with a name ಬೆಳ್ಳಿಯಪ್ಪ (ಸಿಪಿ)
9 (RLIN) 234394
245 ## - TITLE STATEMENT
Title Victoria Gowramma: kaleduhoda kodagina rajakumari
Remainder of title ವಿಕ್ಟೋರಿಯ ಗೌರಮ್ಮ: ಕಳೆದುಹೋದ ಕೊಡಗಿನ ರಾಜಕುಮಾರಿ
260 ## - PUBLICATION, DISTRIBUTION, ETC.
Place of publication, distribution, etc. BengaLUru
Name of publisher, distributor, etc. Ankita Pustaka
Date of publication, distribution, etc. 2013
300 ## - PHYSICAL DESCRIPTION
Extent 206
690 ## - LOCAL SUBJECT ADDED ENTRY--TOPICAL TERM (OCLC, RLIN)
Topical term or geographic name as entry element Karnataka History
9 (RLIN) 234400
906 ## - LOCAL DATA ELEMENT F, LDF (RLIN)
a 068327
942 ## - ADDED ENTRY ELEMENTS (KOHA)
Source of classification or shelving scheme Dewey Decimal Classification
Koha item type Book
Holdings
Withdrawn status Lost status Source of classification or shelving scheme Damaged status Not for loan Collection code Home library Current library Shelving location Date acquired Source of acquisition Cost, normal purchase price Total Checkouts Full call number Barcode Date last seen Price effective from Koha item type
    Dewey Decimal Classification     History St Aloysius Library St Aloysius Library   02/17/2021 Navakarnataka Publication Pvt Ltd., Mangalore 150.00   954.87K BELV 068327 02/17/2021 02/17/2021 Book